00394nam a2200145 a 4500008004100000020001500041050001500056100001900071245004400090260003000134300001600164350000900180650001500189650004400204120210s2005 ||||||||||||||||| || u a1840466278 aB 3317 Gan aGane, Laurence10aIntroducing Nietzschecby Laurence Gane aLondon:bIcon Booksc2005 a175p.: ill. a0.00 aPHILOSOPHY aNIETZSCHE, FRIEDRICH WILHELM, 1844-1900